| Tag |
First Indicator |
Second Indicator |
Subfields |
| LEADER |
00000cim a2200000Ia 4500 |
| 001 |
in00002781172 |
| 005 |
20151202170853.0 |
| 007 |
sd fungnn|||ee |
| 008 |
120522s2007 txunnnn t n spa d |
| 035 |
|
|
|a (OCoLC)ocn794078403
|
| 035 |
|
|
|a (OCoLC)794078403
|
| 040 |
|
|
|a TXA
|c TXA
|d UtOrBLW
|
| 043 |
|
|
|a s-ag---
|
| 049 |
|
|
|a TXAM
|
| 090 |
|
|
|a PQ7081.A1
|b C54 2007 no. 604
|
| 100 |
1 |
|
|a Galtero, Julio César,
|e interviewee.
|
| 245 |
1 |
0 |
|a Julio César Galtero :
|b [interview].
|
| 264 |
|
1 |
|a [Place of publication not identified] :
|b [publisher not identified] ;
|c [2007]
|
| 300 |
|
|
|a 1 sound disc (30 min., 37 sec.) :
|b digital ;
|c 4 3/4 in.
|
| 306 |
|
|
|a 003037
|
| 336 |
|
|
|a spoken word
|b spw
|2 rdacontent
|
| 337 |
|
|
|a audio
|b s
|2 rdamedia
|
| 338 |
|
|
|a audio disc
|b sd
|2 rdacarrier
|
| 490 |
1 |
|
|a Colección Los Palabristas ;
|v 604
|
| 511 |
0 |
|
|a Interviewer, Esteban Peicovich ; interviewee, Julio César Galtero.
|
| 500 |
|
|
|a Recordable compact disc.
|
| 518 |
|
|
|a Originally broadcast from Buenos Aires, Argentina on August 24, 2000 as a segment of the radio program Los Palabristas.
|
| 520 |
|
|
|a Esteban Peicovich reads a text by Gabriel Garcia Marquez, written in response to the dictionary of Spanish language actual use. Peicovich interviews journalist, writer, and translator Julio César Galtero. Galtero was born on June 6th, 1933 in Buenos Aires, Argentina. He translates English and French and currently directs literary workshops. He funded and directed the editorial Hogar Obrero. Galtero recounts how he began to love literature. He tells of the beginning of his education and of works he read.
|
| 534 |
|
|
|p Reproduction.
|a Galtero, Julio César.
|t Julio César Galtero.
|c [2000]
|e 1 sound cassette : analog.
|
| 500 |
|
|
|a Converted with permission from sound cassette to compact disc by the Texas A&M University Libraries.
|
| 500 |
|
|
|a Sound recording.
|
| 600 |
1 |
0 |
|a Galtero, Julio César
|v Interviews.
|
| 650 |
|
0 |
|a Authors, Argentine
|v Interviews.
|
| 655 |
|
7 |
|a Radio interviews.
|2 lcgft
|
| 655 |
|
7 |
|a Literary readings (Radio programs)
|2 lcgft
|
| 700 |
1 |
|
|a Peicovich, Esteban,
|e host,
|e interviewer.
|
| 710 |
2 |
|
|a Texas A & M University.
|b Libraries.
|
| 730 |
0 |
|
|a Palabristas.
|
| 830 |
|
0 |
|a Colección Los Palabristas ;
|v 604.
|
| 948 |
|
|
|a cataloged
|b h
|c 2012/5/22
|d o
|e jgreene
|f 11:13:29 am
|
| 994 |
|
|
|a C0
|b TXA
|
| 999 |
|
|
|a MARS
|
| 999 |
f |
f |
|s 4367107c-2cda-3b46-a692-2fbcf8ec0efd
|i 732d4478-5ebb-3c0b-adbb-d5ab6c03af2a
|t 0
|
| 952 |
f |
f |
|p noncirc
|a Texas A&M University
|b College Station
|c Cushing Memorial Library & Archives
|d Cushing: Area Studies/Hispanic (Does not check out)
|t 0
|e PQ7081.A1 C54 2007 no. 604
|h Library of Congress classification
|i audio -- audio disc
|m A14837892003
|
| 998 |
f |
f |
|a PQ7081.A1 C54 2007 no. 604
|t 0
|l Cushing: Area Studies/Hispanic (Does not check out)
|